[Event "Olomouc Valoz Cup"]
[Site "Olomouc"]
[Date "2005.08.04"]
[Round "2"]
[White "Kholmov, Ratmir D"]
[Black "Simacek, Pavel"]
[Result "1/2-1/2"]
[WhiteElo "2430"]
[BlackElo "2453"]
[PlyCount "24"]
[EventDate "2005.08.03"]
[EventType "tourn"]
[EventRounds "11"]
[EventCountry "CZE"]
[EventCategory "9"]
[SourceTitle "CBM 107 Extra"]
[Source "ChessBase"]
[SourceDate "2005.09.01"]
[SourceVersion "1"]
[SourceVersionDate "2005.09.01"]
[SourceQuality "1"]

1. e4 c5 2. Nf3 d6 3. d4 cxd4 4. Nxd4 Nf6 5. Nc3 a6 6. g3 g6 7. Bg2 Bg7 8. 0-0 0-0 9. h3 Nc6 10. Be3 Bd7 11. Nd5 Nxd5 12. exd5 Nxd4 1/2-1/2

[Event "Pardubice op-A"]
[Site "Pardubice"]
[Date "2005.07.28"]
[Round "7"]
[White "Kholmov, Ratmir D"]
[Black "Klimakovs, Sergejs"]
[Result "1-0"]
[WhiteElo "2430"]
[BlackElo "2287"]
[PlyCount "71"]
[EventDate "2005.07.22"]
[EventType "swiss"]
[EventRounds "9"]
[EventCountry "CZE"]
[SourceTitle "CBM 107 Extra"]
[Source "ChessBase"]
[SourceDate "2005.09.01"]
[SourceVersion "1"]
[SourceVersionDate "2005.09.01"]
[SourceQuality "1"]

1. e4 c5 2. Nf3 d6 3. d4 cxd4 4. Nxd4 Nf6 5. Nc3 g6 6. Bc4 Bg7 7. h3 0-0 8. Bb3 Nc6 9. Be3 Qa5 10. 0-0 Bd7 11. f4 Rac8 12. Qd3 a6 13. Rae1 Qh5 14. Nf3 Na5 15. e5 Bf5 16. Qe2 Ne4 17. g4 Qxh3 18. gxf5 Ng3 19. Qg2 Qxg2+ 20. Kxg2 Nxf1 21. Kxf1 Nc4 22. fxg6 hxg6 23. Nd5 Rfe8 24. Nb6 Nxb6 25. Bxb6 dxe5 26. fxe5 e6 27. Rd1 Re7 28. a4 f6 29. c3 fxe5 30. Ng5 Rc6 31. Rd8+ Bf8 32. a5 Kg7 33. Ke2 Kg8 34. Kf3 Kg7 35. Ke4 Kg8 36. Kxe5 1-0

[Event "Moscow Aeroflot op-B"]
[Site "Moscow"]
[Date "2005.02.16"]
[Round "2"]
[White "Khairullin, Ildar"]
[Black "Kholmov, Ratmir D"]
[Result "1-0"]
[WhiteElo "2507"]
[BlackElo "2434"]
[PlyCount "63"]
[EventDate "2005.02.15"]
[EventType "swiss"]
[EventRounds "9"]
[EventCountry "RUS"]
[SourceTitle "EXT 2006"]
[Source "ChessBase"]
[SourceDate "2005.11.24"]
[SourceVersion "1"]
[SourceVersionDate "2005.11.24"]
[SourceQuality "1"]

1. e4 e5 2. Nf3 Nc6 3. Bb5 a6 4. Ba4 Nf6 5. d3 d6 6. c3 Be7 7. Nbd2 b5 8. Bb3 Na5 9. Bc2 c5 10. Nf1 0-0 11. Ng3 Re8 12. 0-0 Qc7 13. Re1 Bd7 14. h3 Nc6 15. Nh4 g6 16. Bg5 d5 17. Qf3 dxe4 18. dxe4 Kg7 19. Nhf5+ Bxf5 20. exf5 Rad8 21. h4 Ng8 22. Ne4 f6 23. Bc1 gxf5 24. Qxf5 Qd7 25. Qh5 Qe6 26. Ng3 Qf7 27. Qxh7+ Kf8 28. Qh8 Bd6 29. Nf5 Re6 30. Bh6+ Ke8 31. Ng7+ Ke7 32. Bf5 1-0

[Event "Moscow Aeroflot op-B"]
[Site "Moscow"]
[Date "2005.02.15"]
[Round "1"]
[White "Kholmov, Ratmir D"]
[Black "Novikov, Maxim"]
[Result "1-0"]
[WhiteElo "2434"]
[BlackElo "2515"]
[PlyCount "77"]
[EventDate "2005.02.15"]
[EventType "swiss"]
[EventRounds "9"]
[EventCountry "RUS"]
[SourceTitle "EXT 2006"]
[Source "ChessBase"]
[SourceDate "2005.11.24"]
[SourceVersion "1"]
[SourceVersionDate "2005.11.24"]
[SourceQuality "1"]

1. e4 e5 2. Nf3 Nc6 3. Bb5 d6 4. d4 Bd7 5. 0-0 exd4 6. Bxc6 bxc6 7. Qxd4 f6 8. Nc3 Ne7 9. Bf4 Be6 10. Rfe1 Ng6 11. Bg3 Ne5 12. Qe3 Nxf3+ 13. Qxf3 Qd7 14. Ne2 Be7 15. Nd4 0-0 16. Nxe6 Qxe6 17. Qb3 Kf7 18. f4 Rfb8 19. f5 Qxb3 20. axb3 Rb4 21. Ra5 c5 22. Re2 Rd4 23. Kf2 Rd1 24. Ke3 Ke8 25. Re1 Rxe1+ 26. Bxe1 Kd7 27. g4 Kc8 28. Bc3 c6 29. Kf3 Kc7 30. Ra1 Bf8 31. h4 h6 32. g5 fxg5 33. hxg5 hxg5 34. Kg4 Re8 35. Re1 Kb6 36. Kxg5 Kb5 37. Kg6 Re7 38. e5 d5 39. e6 1-0

[Event "Moscow Aeroflot op-A"]
[Site "Moscow"]
[Date "2004.02.18"]
[Round "2"]
[White "Balashov, Yuri S"]
[Black "Kholmov, Ratmir D"]
[Result "1/2-1/2"]
[WhiteElo "2496"]
[BlackElo "2441"]
[PlyCount "23"]
[EventDate "2004.02.17"]
[EventType "swiss"]
[EventRounds "9"]
[EventCountry "RUS"]
[SourceTitle "EXT 2005"]
[Source "ChessBase"]
[SourceDate "2004.11.15"]
[SourceVersion "1"]
[SourceVersionDate "2004.11.15"]
[SourceQuality "1"]

1. d4 Nf6 2. c4 e6 3. Nf3 Bb4+ 4. Bd2 Bxd2+ 5. Qxd2 d5 6. Nc3 0-0 7. e3 Qe7 8. Rc1 Rd8 9. a3 Nbd7 10. cxd5 exd5 11. Bd3 Nf8 12. 0-0 1/2-1/2

[Event "Tula Botvinnik Memorial"]
[Site "Tula"]
[Date "2003.??.??"]
[Round "3"]
[White "Kholmov, Ratmir D"]
[Black "Karasev, Vladimir I"]
[Result "1-0"]
[WhiteElo "2441"]
[BlackElo "2446"]
[PlyCount "142"]
[EventDate "2003.??.??"]
[EventType "tourn"]
[EventRounds "11"]
[EventCountry "RUS"]
[EventCategory "8"]
[SourceTitle "EXT 2005"]
[Source "ChessBase"]
[SourceDate "2004.11.15"]
[SourceVersion "1"]
[SourceVersionDate "2004.11.15"]
[SourceQuality "1"]

1. e4 c5 2. Nf3 e6 3. d4 cxd4 4. Nxd4 Nf6 5. Nc3 d6 6. g3 a6 7. Bg2 Qc7 8. 0-0 Nc6 9. Nxc6 bxc6 10. Na4 Be7 11. c4 Rb8 12. Bf4 e5 13. Bd2 0-0 14. Rc1 Bg4 15. Qc2 Qd7 16. Bg5 Rfd8 17. b3 h6 18. Be3 Bh3 19. Rfd1 Bxg2 20. Kxg2 Qe6 21. Bb6 Rdc8 22. Qd3 Bd8 23. Be3 Bc7 24. f3 Rd8 25. Qe2 Ra8 26. g4 a5 27. h3 Rd7 28. Bf2 Qe8 29. c5 d5 30. Nb6 Bxb6 31. cxb6 Rb7 32. Qc2 d4 33. Qxc6 Qb8 34. Bg3 Rxb6 35. Qc7 Qxc7 36. Rxc7 Re6 37. Rc5 Nd7 38. Rd5 Ra7 39. Rc1 f6 40. Be1 Rea6 41. Kf1 Kf7 42. h4 Nf8 43. h5 Ne6 44. Bd2 a4 45. b4 a3 46. Ke2 Rb6 47. Kd3 Ke7 48. Rc4 Rc7 49. Rxc7+ Nxc7 50. Ra5 Nb5 51. Kc4 Nd6+ 52. Kd5 Kd7 53. Ra7+ Nb7 54. Rxa3 Rc6 55. f4 Rc2 56. Rd3 Nd6 57. fxe5 fxe5 58. g5 hxg5 59. Bxg5 Rxa2 60. Kxe5 Nf7+ 61. Kf5 Rf2+ 62. Bf4 Nd6+ 63. Kg4 Nb5 64. Be5 Rg2+ 65. Kf5 Rf2+ 66. Kg6 Rg2+ 67. Kf7 Nd6+ 68. Bxd6 Kxd6 69. Rxd4+ Ke5 70. Rc4 Kd6 71. b5 Rg5 1-0

[Event "Tula Botvinnik Memorial"]
[Site "Tula"]
[Date "2003.??.??"]
[Round "8"]
[White "Zaitsev, Igor A"]
[Black "Kholmov, Ratmir D"]
[Result "1-0"]
[WhiteElo "2423"]
[BlackElo "2441"]
[PlyCount "49"]
[EventDate "2003.??.??"]
[EventType "tourn"]
[EventRounds "11"]
[EventCountry "RUS"]
[EventCategory "8"]
[SourceTitle "EXT 2005"]
[Source "ChessBase"]
[SourceDate "2004.11.15"]
[SourceVersion "1"]
[SourceVersionDate "2004.11.15"]
[SourceQuality "1"]

1. d4 d5 2. c4 e6 3. Nf3 Nf6 4. Nc3 Be7 5. Bg5 0-0 6. Qc2 b6 7. Bxf6 Bxf6 8. e4 Bb7 9. cxd5 exd5 10. e5 Be7 11. Bd3 g6 12. h4 Na6 13. a3 c5 14. h5 Kg7 15. Qd2 g5 16. Bxa6 Bxa6 17. dxc5 bxc5 18. Nxd5 g4 19. 0-0-0 Bb7 20. h6+ Kh8 21. Nxe7 Qxe7 22. Qg5 Qxg5+ 23. Nxg5 Bc6 24. Rd6 Rac8 25. Rh4 1-0

[Event "Pardubice Czech op"]
[Site "Pardubice"]
[Date "2002.07.27"]
[Round "9"]
[White "Kholmov, Ratmir D"]
[Black "Potapov, Alexander"]
[Result "0-1"]
[WhiteElo "2431"]
[BlackElo "2515"]
[PlyCount "104"]
[EventDate "2002.07.19"]
[EventType "swiss"]
[EventRounds "9"]
[EventCountry "CZE"]
[SourceTitle "CBM 089 Extra"]
[Source "ChessBase"]
[SourceDate "2002.09.10"]
[SourceVersion "2"]
[SourceVersionDate "2002.09.10"]
[SourceQuality "1"]

1. e4 e5 2. Bc4 Nc6 3. Nf3 Nf6 4. d3 Be7 5. 0-0 0-0 6. Re1 d6 7. c3 Bg4 8. h3 Bh5 9. Nbd2 d5 10. exd5 Nxd5 11. Nf1 Qd6 12. Ng3 Bg6 13. Ne4 Qd7 14. Bb5 f6 15. d4 Nb6 16. Qb3+ Bf7 17. Qd1 Rad8 18. Be3 Qd5 19. Bxc6 Qxc6 20. Ned2 exd4 21. Nxd4 Qd7 22. Qg4 Qxg4 23. hxg4 Rfe8 24. Bf4 Rd7 25. a4 c5 26. Nf5 Bf8 27. Rxe8 Bxe8 28. a5 Nd5 29. Bb8 Nxc3 30. bxc3 Rxd2 31. Bxa7 Rc2 32. Rb1 Bc6 33. a6 bxa6 34. Rb8 Kf7 35. Rc8 Bd7 36. Rc7 Ke8 37. Bxc5 Rxc3 38. Rxd7 Kxd7 39. Bxf8 g6 40. Ng3 Rc1+ 41. Kh2 a5 42. Ne4 Ke6 43. Bg7 Rc4 44. f3 a4 45. g5 f5 46. Nc3 a3 47. Kg1 Rb4 48. Na2 Rb7 49. Bh8 Kd5 50. Kf2 Kc4 51. Ke3 Rb2 52. Nc1 f4+ 0-1

[Event "Pardubice Labe op"]
[Site "Pardubice"]
[Date "2002.07.18"]
[Round "5"]
[White "Kholmov, Ratmir D"]
[Black "Golod, Vitali"]
[Result "0-1"]
[WhiteElo "2431"]
[BlackElo "2538"]
[PlyCount "62"]
[EventDate "2002.07.17"]
[EventType "swiss (rapid)"]
[EventRounds "9"]
[EventCountry "CZE"]
[SourceTitle "CBM 091"]
[Source "ChessBase"]
[SourceDate "2002.11.12"]
[SourceVersion "1"]
[SourceVersionDate "2002.11.12"]
[SourceQuality "1"]

1. e4 c5 2. Nf3 Nc6 3. d4 cxd4 4. Nxd4 Qb6 5. Nb3 Nf6 6. Bd3 e6 7. 0-0 Be7 8. c4 d5 9. Nc3 d4 10. c5 Qd8 11. Nb5 e5 12. Bg5 0-0 13. Rc1 Be6 14. Bxf6 Bxf6 15. Nd6 Bg5 16. Rb1 b6 17. Bb5 bxc5 18. Bxc6 Qxd6 19. Bxa8 Rxa8 20. Nc1 c4 21. Ne2 Bg4 22. h3 Bh5 23. g4 Bg6 24. Ng3 d3 25. Qa4 Qd4 26. Qc6 Rd8 27. Rfd1 Bh4 28. Kg2 Bxg3 29. Kxg3 Bxe4 30. Qc7 d2 31. Ra1 Ba8 0-1

[Event "Tula Suetin Memorial op"]
[Site "Tula"]
[Date "2002.03.27"]
[Round "5"]
[White "Voitsekhovsky, Stanislav"]
[Black "Kholmov, Ratmir D"]
[Result "1-0"]
[WhiteElo "2527"]
[BlackElo "2441"]
[PlyCount "101"]
[EventDate "2002.03.23"]
[EventType "swiss"]
[EventRounds "9"]
[EventCountry "RUS"]
[SourceTitle "CBM 087 Extra"]
[Source "ChessBase"]
[SourceDate "2002.05.03"]
[SourceVersion "2"]
[SourceVersionDate "2002.08.09"]
[SourceQuality "1"]

1. e4 e5 2. Nf3 Nc6 3. Bb5 a6 4. Ba4 Nf6 5. 0-0 Be7 6. Re1 b5 7. Bb3 0-0 8. a4 Bb7 9. d3 d6 10. Bd2 b4 11. a5 Rb8 12. c3 Bc8 13. Bc4 Nd7 14. Be3 bxc3 15. bxc3 Bf6 16. Nbd2 Ne7 17. d4 exd4 18. cxd4 c5 19. Bf4 Qc7 20. e5 dxe5 21. dxe5 Ng6 22. Bg3 Ndxe5 23. Nxe5 Bxe5 24. Rxe5 Nxe5 25. Qh5 Qd7 26. Bxe5 Qxd2 27. Rd1 Rb1 28. Rxb1 Qc2 29. Re1 Qxc4 30. Bxg7 Kxg7 31. Qg5+ Kh8 32. Qh6 Kg8 33. Qg5+ Kh8 34. Qh6 Kg8 35. Re5 Bf5 36. Rxf5 f6 37. h4 Qd4 38. Rf4 Qd1+ 39. Kh2 Qd6 40. g3 Qe6 41. Qh5 c4 42. Qg4+ Kf7 43. Qxe6+ Kxe6 44. Rxc4 Kd6 45. Rb4 Rc8 46. Rb6+ Ke5 47. Rxa6 Rc2 48. Kg2 h5 49. Ra8 Kf5 50. a6 Ra2 51. a7 1-0

[Event "Tula Suetin Memorial op"]
[Site "Tula"]
[Date "2002.03.24"]
[Round "2"]
[White "Kholmov, Ratmir D"]
[Black "Elfert, Aleksandr V"]
[Result "1-0"]
[WhiteElo "2441"]
[BlackElo "2239"]
[PlyCount "97"]
[EventDate "2002.03.23"]
[EventType "swiss"]
[EventRounds "9"]
[EventCountry "RUS"]
[SourceTitle "CBM 087 Extra"]
[Source "ChessBase"]
[SourceDate "2002.05.03"]
[SourceVersion "2"]
[SourceVersionDate "2002.08.09"]
[SourceQuality "1"]

1. e4 c5 2. Nf3 b6 3. d4 cxd4 4. Nxd4 Bb7 5. f3 e6 6. c4 a6 7. Nc3 Qc7 8. Be3 Nf6 9. Rc1 d6 10. Be2 Nbd7 11. 0-0 h5 12. Qd2 Be7 13. Rfd1 h4 14. Bf1 Rc8 15. b3 Qb8 16. Re1 Kf8 17. h3 Bd8 18. Bf2 Bc7 19. Rc2 g5 20. Nde2 g4 21. hxg4 d5 22. cxd5 Bh2+ 23. Kh1 exd5 24. Nxd5 Rxc2 25. Qxc2 Nxd5 26. exd5 Bg3 27. Ng1 h3 28. gxh3 Nf6 29. Bxg3 Qxg3 30. Qc3 Rh6 31. Qe5 Qxe5 32. Rxe5 Nxd5 33. Bxa6 Ba8 34. Kh2 Nc7 35. Bc4 f6 36. Rf5 Ke7 37. a4 Bc6 38. Kg3 Rh8 39. Ne2 Rd8 40. Nf4 Be8 41. Nd5+ Nxd5 42. Rxd5 Rc8 43. Bb5 Bf7 44. Rd7+ Kf8 45. Rd6 Ke7 46. Rxb6 Bxb3 47. Bc6 Rxc6 48. Rxc6 Bxa4 49. Rc7+ 1-0

[Event "EU-chT Seniors 04th"]
[Site "Dresden"]
[Date "2002.02.28"]
[Round "5.2"]
[White "Kholmov, Ratmir D"]
[Black "Baumgartner, Heinz"]
[Result "1-0"]
[WhiteElo "2441"]
[BlackElo "2337"]
[PlyCount "57"]
[EventDate "2002.02.25"]
[EventType "team-swiss"]
[EventRounds "7"]
[EventCountry "GER"]
[SourceTitle "EXT 2005"]
[Source "ChessBase"]
[SourceDate "2004.11.15"]
[SourceVersion "1"]
[SourceVersionDate "2004.11.15"]
[SourceQuality "1"]

1. e4 d5 2. exd5 Qxd5 3. Nc3 Qa5 4. Nf3 c6 5. d4 Bf5 6. Bc4 e6 7. 0-0 Nd7 8. Bf4 Ngf6 9. a3 Bg4 10. h3 Qf5 11. hxg4 Qxf4 12. g5 Ng4 13. Re1 h5 14. g6 0-0-0 15. gxf7 e5 16. Qc1 Qf5 17. Ne4 exd4 18. Qg5 Qxg5 19. Nexg5 Bc5 20. b4 Bb6 21. Re2 Nf8 22. g3 Rh6 23. Kg2 Rhd6 24. Rae1 Nf6 25. Nh4 N6d7 26. Nf5 Rf6 27. Nxg7 Ng6 28. Nxh5 Rf5 29. f4 1-0

[Event "EU-chT Seniors 04th"]
[Site "Dresden"]
[Date "2002.02.27"]
[Round "4.3"]
[White "Kholmov, Ratmir D"]
[Black "Brameyer, Hermann"]
[Result "1-0"]
[WhiteElo "2441"]
[BlackElo "2225"]
[PlyCount "87"]
[EventDate "2002.02.25"]
[EventType "team-swiss"]
[EventRounds "7"]
[EventCountry "GER"]
[SourceTitle "EXT 2005"]
[Source "ChessBase"]
[SourceDate "2004.11.15"]
[SourceVersion "1"]
[SourceVersionDate "2004.11.15"]
[SourceQuality "1"]

1. e4 c5 2. Nf3 Nc6 3. d4 cxd4 4. Nxd4 Nf6 5. Nc3 e5 6. Ndb5 d6 7. Nd5 Nxd5 8. exd5 Ne7 9. c4 Nf5 10. Bd3 g6 11. Qa4 Bd7 12. Bxf5 gxf5 13. Qb4 Qb8 14. f4 a6 15. Nc3 b5 16. cxb5 axb5 17. Be3 f6 18. 0-0 Be7 19. a3 0-0 20. Qb3 Bd8 21. Na2 Bb6 22. Bxb6 Qxb6+ 23. Kh1 Kh8 24. Nb4 Rac8 25. Qg3 Rg8 26. Qf2 Qb7 27. Rac1 Rxc1 28. Rxc1 Rc8 29. Qe3 Rxc1+ 30. Qxc1 Qb6 31. Qd2 Kg7 32. h3 h6 33. Kh2 Qc5 34. Qc3 Qb6 35. Nc6 Kf7 36. Qb4 Qf2 37. fxe5 fxe5 38. Qxb5 f4 39. Nxe5+ Kg8 40. Nxd7 f3 41. Qb8+ Kh7 42. Nf8+ Kh8 43. Ne6+ Kh7 44. Qc7+ 1-0

[Event "Moscow-ch"]
[Site "Moscow"]
[Date "2002.??.??"]
[Round "1"]
[White "Kharitonov, Andrei Y"]
[Black "Kholmov, Ratmir D"]
[Result "1-0"]
[WhiteElo "2546"]
[BlackElo "2420"]
[PlyCount "95"]
[EventDate "2002.??.??"]
[EventType "k.o."]
[EventRounds "5"]
[EventCountry "RUS"]
[SourceTitle "EXT 2003"]
[Source "ChessBase"]
[SourceDate "2002.11.25"]
[SourceVersion "1"]
[SourceVersionDate "2002.11.25"]
[SourceQuality "1"]

1. Nf3 Nf6 2. g3 b6 3. Bg2 Bb7 4. 0-0 c5 5. c4 e6 6. b3 Be7 7. Bb2 0-0 8. e3 d5 9. Qe2 Nc6 10. Rd1 Qc7 11. Nc3 Rad8 12. cxd5 Nxd5 13. Nxd5 Rxd5 14. d4 Rd7 15. dxc5 Bxc5 16. Ng5 Rfd8 17. Rxd7 Qxd7 18. Qc2 f5 19. Qc4 Re8 20. Qe2 Qe7 21. Nf3 Rd8 22. a3 h6 23. b4 Bd6 24. Rc1 Rd7 25. Nh4 Rc7 26. Rd1 Nd8 27. Ng6 Qd7 28. Qd2 Bxg2 29. Qxd6 Bd5 30. Qxd7 Rxd7 31. Nf4 Nc6 32. f3 Re7 33. Nxd5 exd5 34. Kf2 Rd7 35. Rc1 Ne7 36. Ke2 Kf7 37. Kd3 g6 38. b5 g5 39. a4 Ke6 40. Bd4 f4 41. exf4 gxf4 42. gxf4 Rd6 43. Rc7 Rd7 44. Rxd7 Kxd7 45. Bg7 Ng6 46. Bxh6 Kd6 47. Kd4 Ke6 48. Bg5 1-0

[Event "Wch Seniors 11th"]
[Site "Arco"]
[Date "2001.10.26"]
[Round "9"]
[White "Khanukov, Boris"]
[Black "Kholmov, Ratmir D"]
[Result "1/2-1/2"]
[WhiteElo "2346"]
[BlackElo "2427"]
[PlyCount "95"]
[EventDate "2001.10.17"]
[EventType "swiss"]
[EventRounds "11"]
[EventCountry "ITA"]
[SourceTitle "EXT 2002"]
[Source "ChessBase"]
[SourceDate "2001.11.25"]
[SourceVersion "1"]
[SourceVersionDate "2001.11.25"]
[SourceQuality "1"]

1. d4 Nf6 2. c4 e6 3. Nf3 Bb4+ 4. Bd2 Bxd2+ 5. Qxd2 d5 6. e3 0-0 7. Nc3 Qe7 8. cxd5 exd5 9. Bd3 c6 10. Qc2 Nbd7 11. 0-0 Re8 12. Rab1 Ne4 13. b4 g6 14. b5 Nxc3 15. Qxc3 c5 16. dxc5 Nxc5 17. Nd4 Bd7 18. Rfc1 Rac8 19. Qa3 b6 20. Be2 Ne6 21. Qxe7 Rxc1+ 22. Rxc1 Rxe7 23. Nb3 d4 24. exd4 Nf4 25. Bf1 Ne2+ 26. Bxe2 Rxe2 27. d5 Rxa2 28. f3 Kf8 29. d6 Ra4 30. Rc7 Bxb5 31. Rc8+ Kg7 32. Rc7 Rb4 33. d7 Bxd7 34. Rxd7 Rxb3 35. Rxa7 Rb2 36. h4 b5 37. Kh2 b4 38. Ra6 b3 39. Rb6 Rb1 40. g4 h6 41. g5 hxg5 42. hxg5 Kf8 43. Rb7 Ke8 44. Kg3 Kd8 45. Kf4 Kc8 46. Rb4 Kd7 47. Ke5 b2 48. Kf4 1/2-1/2

[Event "Wch Seniors 11th"]
[Site "Arco"]
[Date "2001.10.25"]
[Round "8"]
[White "Kholmov, Ratmir D"]
[Black "Karasev, Vladimir I"]
[Result "0-1"]
[WhiteElo "2427"]
[BlackElo "2410"]
[PlyCount "80"]
[EventDate "2001.10.17"]
[EventType "swiss"]
[EventRounds "11"]
[EventCountry "ITA"]
[SourceTitle "EXT 2002"]
[Source "ChessBase"]
[SourceDate "2001.11.25"]
[SourceVersion "1"]
[SourceVersionDate "2001.11.25"]
[SourceQuality "1"]

1. e4 c5 2. Nf3 d6 3. d4 Nf6 4. Nc3 cxd4 5. Nxd4 a6 6. g3 e5 7. Nde2 Be6 8. Bg2 Be7 9. h3 Nbd7 10. Be3 Rc8 11. Qd2 b5 12. g4 Nb6 13. b3 h5 14. g5 Nfd7 15. h4 Qc7 16. Rc1 g6 17. f4 exf4 18. Nxf4 Ne5 19. Bd4 0-0 20. 0-0 Bg4 21. Ncd5 Nxd5 22. Nxd5 Qb7 23. Qf4 Be6 24. Nf6+ Bxf6 25. gxf6 Kh7 26. Rfd1 Qc7 27. Rd2 Rfd8 28. Kh1 Rd7 29. Rg1 Qd8 30. Bf3 Nxf3 31. Qxf3 d5 32. e5 Bf5 33. Qxf5 gxf5 34. Rg7+ Kh8 35. Rdg2 Qa5 36. c3 Qa3 37. Be3 Qf8 38. R2g5 Qxg7 39. Rxg7 Rdc7 40. Bd4 Rg8 0-1

[Event "Wch Seniors 11th"]
[Site "Arco"]
[Date "2001.10.21"]
[Round "5"]
[White "Klovans, Janis"]
[Black "Kholmov, Ratmir D"]
[Result "1/2-1/2"]
[WhiteElo "2420"]
[BlackElo "2427"]
[PlyCount "36"]
[EventDate "2001.10.17"]
[EventType "swiss"]
[EventRounds "11"]
[EventCountry "ITA"]
[SourceTitle "EXT 2002"]
[Source "ChessBase"]
[SourceDate "2001.11.25"]
[SourceVersion "1"]
[SourceVersionDate "2001.11.25"]
[SourceQuality "1"]

1. e4 e5 2. Nf3 Nc6 3. Bb5 a6 4. Ba4 Nf6 5. 0-0 Be7 6. Re1 b5 7. Bb3 0-0 8. d4 d6 9. c3 Bg4 10. Be3 Na5 11. dxe5 Bxf3 12. Qxf3 dxe5 13. Bc2 Nc4 14. Bc1 Nd7 15. Rd1 Qe8 16. Nd2 Nxd2 17. Bxd2 Nb6 18. Qg3 Bf6 1/2-1/2

[Event "Wch Seniors 11th"]
[Site "Arco"]
[Date "2001.10.18"]
[Round "2"]
[White "Kholmov, Ratmir D"]
[Black "Ljuboschiz, Alexander"]
[Result "1-0"]
[WhiteElo "2427"]
[BlackElo "2205"]
[PlyCount "83"]
[EventDate "2001.10.17"]
[EventType "swiss"]
[EventRounds "11"]
[EventCountry "ITA"]
[SourceTitle "EXT 2002"]
[Source "ChessBase"]
[SourceDate "2001.11.25"]
[SourceVersion "1"]
[SourceVersionDate "2001.11.25"]
[SourceQuality "1"]

1. e4 e5 2. Nf3 Nc6 3. Bb5 g6 4. c3 a6 5. Ba4 d6 6. d4 Bd7 7. 0-0 Bg7 8. Be3 Nge7 9. dxe5 Nxe5 10. Nxe5 dxe5 11. Bc5 b6 12. Ba3 Bxa4 13. Qxa4+ Qd7 14. Qb3 Qb5 15. Qc2 c5 16. c4 Qc6 17. Nc3 0-0 18. Rfd1 Rfd8 19. b4 cxb4 20. Bxb4 Bf8 21. Bxe7 Bxe7 22. Nd5 Bc5 23. Rab1 Kg7 24. Qb2 f6 25. g4 Qe6 26. h3 Rab8 27. Kg2 b5 28. Qe2 b4 29. f4 exf4 30. Nxf4 Qc6 31. Nd5 Re8 32. Rf1 Re6 33. Qb2 h6 34. h4 Rf8 35. Rbe1 Kh7 36. g5 fxg5 37. hxg5 Rxf1 38. Rxf1 Qd7 39. gxh6 Rd6 40. Kg3 Re6 41. Nf6+ Rxf6 42. Qxf6 1-0